000 01181nmm a2200421 a 4500
003 AR-X00000XY
005 20251128211949.0
008 207020s2002 ||||||||||||||000 | spa||
020 _a959-13-0983-X
040 _cAR-X00000XY
100 1 _aHart Dávalos, Armando
245 1 0 _aPerfiles
260 _aLa Habana
_bPueblo y Educación
_c2002
300 1 _axiii, 313 p.
600 1 4 _aVarela, Félix
_d1788-1853
600 1 4 _aMartí, José
_d1853-1895
600 1 4 _aGuillén, Nicolás
_d1902-1989
600 1 4 _aOrtiz, Fernando
_d1881-1969
600 1 4 _aLam, Wifredo
600 1 4 _aCarpentier, Alejo
600 1 4 _aSánchez Mandulei, Celia
600 1 4 _aGuevara, Ernesto
_d1928-1967
650 4 _aBIOGRAFIAS
650 4 _aPATRIOTISMO
650 4 _aHISTORIA LATINOAMERICANA
650 4 _aIDEOLOGIAS POLITICAS
650 4 _aCULTURAS LATINOAMERICANAS
650 4 _aINTELECTUALES
650 4 _aPERSONAS RELIGIOSAS
650 4 _aESCRITORES
651 4 _aCuba
653 0 _aREVOLUCION CUBANA
653 0 _aGUERRILLA
700 1 _aCarreras Varona, Eloísa
_ecompilador
700 1 _aPolanco Brahojos, Rafael
_ecompilador
942 _cBK
998 _cNancy
999 _c21822
_d21822